Associe les paroles à la chanson de Dadju - Statistiques

Statistiques générales
  • Ce quiz a été pris 3 061 fois
  • Le résultat moyen est 14 sur 30
Statistiques - réponses
Hint Réponse % Correct
C'est nous deux ou bien rien jusqu'à la fin, y'a trop d'jaloux, trop d'requins dans le _____ ____ Grand bain
85%
Et je le sais, je te fais confiance, quand tu me souris tu fais pas semblant Reine
83%
Ma chérie tu es jolie, avec un corps impoli Jaloux
78%
Elle est dans l'insta-love, elle veut que tout le monde sache que je suis son homme Bob Marley
75%
Célibataire endurci, rien à foutre que l'on me juge Compliqué
67%
Si tu lui donnes toute la misère du monde elle va tout assumer Lionne
63%
J'aime changer d'avis quand tu me tournes le dos Amour Toxic
62%
Je veux que tu portes mon nom de famille, mais ça prend du temps Django
61%
Si jamais c'était possible, j'enlèverais toutes les épines de ta rose juste pour te serrer ____ ___ ____ Dans mes bras
60%
On va goûter la vie en entrée, plat, dessert, let's go ___ ______ Mon soleil
59%
Ma chérie, fais tes valises, on va quitter la street Dieu merci
55%
Et si la foudre frappe une seconde l'amour lui n'peut pas finir I Love You
55%
Y'a plein de couples autour mais j'crois qu'en sah, c'est nous deux Meleğim
54%
Merci à ta mère, tu n'as pas d'erreurs, pas d'erreurs, quel coup de rein quand tu ____ __ __, ____ __ __ Back It Up
49%
_____ ___ _______, du corps à corps, pas besoin d'être timide c'est que du sport Donne-moi l'accord
48%
N'écoute pas les gens qui te parlent quand c'est moi qui te parle, le couple c'est nous deux Bébé
47%
T'es quelqu'un de malhonnête, dis-moi qu'c'est le fruit d'une erreur, que tu regrettes Ma vie
46%
Tu reviens, tu reviens, maintenant tu regrettes Bobo au cœur
41%
Laisse-le sur le té-co, il a perdu game over, la porte qu'il a fermé ne pourra plus s'ouvrir Va dire à ton ex
36%
______, c'est ce que je me suis toujours dis jusqu'à ce que t'incrustes dans ma vie Jamais
31%
J'continue sans toi, tu vas m'en vouloir, o _____ ___ Bella Ciao
28%
Tic Tac, plus le temps passe, plus je me lasse, je ne ressens plus rien quand je t'embrasse Je ne t'aime plus
27%
J'ai demandé la lune, on m'a donné un diamant que j'ai fini par épouser Ma woman
27%
J'ai forcé le destin, si tu croises mon chemin, ça va mal terminer Oublie-le
27%
C'est toi et moi en tête d'affiche sur toutes les bannières, et j'en suis fier Par amour
26%
C'est devenu invivable, elle est pire qu'un keuf, donc t'es devenu un réel mytho Muerte
22%
Dis-moi c'que tu veux mi amor, na sombelo yango, la voiture, la maison ou l'anneau Maffuzy Style
21%
Chérie, défais tes valises, on a quitté le bendo DANÇARINA - Remix
19%
Reste comme t'es, t'es plus belle que sur les photos, plus je te regarde et plus je vois qu'y'a zéro défaut Toko Toko
19%
Tu m'aimeras comme ça, avec ma couleur de peau, je mènerai bataille pour ceux qui viennent après nous Dis-moi
9%
Aucun quiz correspondant
Distribution des résultats
% des personnes avec chaque résultat
Percentile par nombre de réponses
Votre historique - résultats
Vous n’avez pas pris ce quiz